00458nam a2200121 a 45000010005000000030005000050050017000100080041000270400026000682450137000942600048002314900057002794587CDMR20130315131622.0130130s1990||||||||||||||||||||||||||||d aCDMRbcatcCPC GIRONA 0aFrancesc Nabot i la “Bona Premsa”b; Europa i els Jocs Olímpics als diaris de Barcelona ; La llibertat d'informació al món c1990bCol·legi de Periodistes de Catalunya0 aAnnals del Periodisme Catalàv16 (gener-juny 1990)